| 000 | 00458nam a2200169 i 4500 | ||
|---|---|---|---|
| 001 | bg | ||
| 100 | 1 | _aCYPKO, Jerzy | |
| 245 | 0 |
_aPodstawy technologii i organizacji naprawy pojazdów mechanicznych / _cJerzy Cypko, Edward Cypko. |
|
| 250 | _aWyd.2 popr. i uzup. | ||
| 260 |
_aWarszawa, _c1989. |
||
| 700 | 1 | _aCYPKO, Edward | |
| 040 | _cBPK | ||
| 041 | _apol | ||
| 080 | _a629.11.004.67(075.8) | ||
| 942 | _cKS | ||
| 008 | s pl f |000 0 pol | ||
| 999 |
_c3918 _d3918 |
||
| 856 |
_uhttp://koha.tu.koszalin.pl/cgi-bin/koha/opac-detail.pl?biblionumber=3918 _yKatalog online BPK |
||